|
|
|
|
| LEADER |
00698nam a22002051a 4500 |
| 020 |
|
|
|a 0-631-22931-5
|c 0.00
|
| 040 |
|
|
|a SSUS - Library - Kalady
|
| 082 |
|
|
|a 821.009
|b UTT/R
|
| 100 |
|
|
|a Uttara Natarajan (ed.)
|
| 245 |
|
|
|a The romantic poets : a guide to criticism
|h [Text]
|
| 260 |
|
|
|a Malden
|b Blackwell
|c 2007
|
| 300 |
|
|
|a 359p.
|
| 600 |
|
|
|a Literature English
|
| 600 |
|
|
|a Literature
|
| 600 |
|
|
|a Poetry English Criticism
|
| 600 |
|
|
|a Poets English
|
| 852 |
|
|
|h 821.009
|i UTT/R
|p 057329
|9 5229.00
|t 0
|
| 942 |
|
|
|c BK
|
| 999 |
|
|
|c 38620
|d 38620
|
| 952 |
|
|
|0 0
|1 0
|4 0
|6 821_009000000000000_UTT_R
|7 0
|9 55774
|a SSUS
|b SSUS
|d 2015-01-08
|g 5229.00
|l 2
|o 821.009 UTT/R
|p 057329
|r 2017-07-24
|s 2017-07-20
|v 0.00
|w 2015-01-08
|y BK
|